000 01241nam a2200325 i 4500
001 13946
003 KOSZ 005
005 20221129142058.0
008 070928s1971 pl a f 000 0 pol
015 _aPB 1971/6886
035 _a(OCoLC)838955766
040 _aWA N
_cWA N
_dKOSZ 005/KK
080 _a658:62
100 1 _aTrzcieniecki, Jerzy
_d(1920-2014)
_eAutor
245 1 0 _aMetoda obserwacji migawkowych w badaniu organizacji przedsiębiorstwa przemysłowego /
_cJerzy Trzcieniecki.
260 _aWarszawa :
_bPaństwowe Wydawnictwo Ekonomiczne,
_c1971.
300 _a157, [3] stron, [2] karty, tablice :
_bilustracje ;
_c18 cm.
336 _2rdacontent
_aTekst
_btxt
337 _2rdamedia
_aBez urządzenie pośredniczącego
_bn
338 _2rdacarrier
_aWolumin
_bn
380 _aKsiążki.
490 1 _aBiblioteka Doskonalenia Kadr.
504 _aBibliografia na stronach 151-154.
658 _aGospodarka, ekonomia, finanse
650 4 _aPrzedsiębiorstwo
710 2 _aPaństwowe Wydawnictwo Ekonomiczne
_4pbl.
856 _uhttp://koha.tu.koszalin.pl/cgi-bin/koha/opac-detail.pl?biblionumber=13946
_yKatalog online BPK
830 0 _aBiblioteka Doskonalenia Kadr
942 _2UKD
_cKS
999 _c13946
_d13946